Resurrecting Empire : (Record no. 2702)
[ view plain ]
| 000 -LEADER | |
|---|---|
| fixed length control field | 01491nac a22002771u 4500 |
| 010 ## - LIBRARY OF CONGRESS CONTROL NUMBER | |
| LC control number | 2003023161 |
| 020 ## - INTERNATIONAL STANDARD BOOK NUMBER | |
| International Standard Book Number | 0807002348 (cloth : alk. paper) |
| 082 00 - DEWEY DECIMAL CLASSIFICATION NUMBER | |
| Classification number | 303.48273056 |
| Item number | K451 |
| 090 ## - LOCALLY ASSIGNED LC-TYPE CALL NUMBER (OCLC); LOCAL CALL NUMBER (OCLC) | |
| -- | 2702 |
| -- | 2702 |
| 100 ## - MAIN ENTRY--PERSONAL NAME | |
| Personal name | Khalidi, Rashid. |
| 245 10 - TITLE STATEMENT | |
| Title | Resurrecting Empire : |
| Remainder of title | western footprints and America's perilous path in the Middle East / |
| Statement of responsibility, etc | Rashid Khalidi. |
| 246 30 - VARYING FORM OF TITLE | |
| Title proper/short title | Western footprints and America's perilous path in the Middle East |
| 250 ## - EDITION STATEMENT | |
| Edition statement | 1st cloth ed. |
| 260 ## - PUBLICATION, DISTRIBUTION, ETC. (IMPRINT) | |
| Place of publication, distribution, etc | Boston : |
| Name of publisher, distributor, etc | Beacon Press,2004. |
| 300 ## - PHYSICAL DESCRIPTION | |
| Extent | xiv, 223 p. ; |
| Dimensions | 23 cm. |
| 504 ## - BIBLIOGRAPHY, ETC. NOTE | |
| Bibliography, etc | Includes bibliographical references (p. 177-211) and index. |
| 505 0# - FORMATTED CONTENTS NOTE | |
| Formatted contents note | The perils of ignoring history -- The legacy of the Western encounter with the Middle East -- America, the West and democracy in the Middle East -- The Middle East : geostrategy and oil -- The United States and Palestine -- Raising the ghosts of empire. |
| 650 #0 - SUBJECT ADDED ENTRY--TOPICAL TERM | |
| Topical term or geographic name as entry element | Democracy |
| Geographic subdivision | Middle East. |
| 650 #0 - SUBJECT ADDED ENTRY--TOPICAL TERM | |
| Topical term or geographic name as entry element | Arab-Israeli conflict. |
| 651 #0 - SUBJECT ADDED ENTRY--GEOGRAPHIC NAME | |
| Geographic name | Middle East |
| General subdivision | Relations |
| Geographic subdivision | United States. |
| 651 #0 - SUBJECT ADDED ENTRY--GEOGRAPHIC NAME | |
| Geographic name | United States |
| General subdivision | Relations |
| Geographic subdivision | Middle East. |
| 856 42 - ELECTRONIC LOCATION AND ACCESS | |
| Materials specified | Publisher description |
| Uniform Resource Identifier | <a href="http://www.loc.gov/catdir/description/hm041/2003023161.html">http://www.loc.gov/catdir/description/hm041/2003023161.html</a> |
| 856 42 - ELECTRONIC LOCATION AND ACCESS | |
| Materials specified | Table of contents |
| Uniform Resource Identifier | <a href="http://www.loc.gov/catdir/toc/ecip0410/2003023161.html">http://www.loc.gov/catdir/toc/ecip0410/2003023161.html</a> |
| 942 ## - ADDED ENTRY ELEMENTS (KOHA) | |
| Item type | Book - Borrowing |
| Call number prefix | 303.48273056 K451 |
| Withdrawn status | Item status | Source of classification or shelving scheme | Damaged status | Not for loan | Home library | Current library | Shelving location | Date acquired | Source of acquisition | Cost, normal purchase price | Total Checkouts | Total Renewals | Full call number | Barcode | Date last seen | Date last borrowed | Cost, replacement price | Koha item type |
|---|---|---|---|---|---|---|---|---|---|---|---|---|---|---|---|---|---|---|
| Dewey Decimal Classification | Central Library | Central Library | First floor | 01/03/2007 | Purchase | 160.00 | 8 | 10 | 303.48273056 KHA | 000001414 | 15/07/2025 | 09/03/2014 | 200.00 | Book - Borrowing |